<?xml version="1.0" encoding="UTF-8"?>
<record
    xmlns:xsi="http://www.w3.org/2001/XMLSchema-instance"
    xsi:schemaLocation="http://www.loc.gov/MARC21/slim http://www.loc.gov/standards/marcxml/schema/MARC21slim.xsd"
    xmlns="http://www.loc.gov/MARC21/slim">

  <leader>02625nam a2200469 a 4500</leader>
  <controlfield tag="001">000013291</controlfield>
  <controlfield tag="003">DO-SdBNP</controlfield>
  <controlfield tag="005">20180313123824.0</controlfield>
  <controlfield tag="007">000013291</controlfield>
  <controlfield tag="008">091123s   2001    dr abc        000 0 spa d</controlfield>
  <datafield tag="020" ind1=" " ind2=" ">
    <subfield code="a">8482613502</subfield>
  </datafield>
  <datafield tag="020" ind1=" " ind2=" ">
    <subfield code="a">8482613545</subfield>
  </datafield>
  <datafield tag="040" ind1=" " ind2=" ">
    <subfield code="a">BPMSU</subfield>
    <subfield code="b">spa</subfield>
    <subfield code="c">BPMSU</subfield>
  </datafield>
  <datafield tag="082" ind1="0" ind2="4">
    <subfield code="a">373.6561</subfield>
    <subfield code="b">G216L   1ro.    2001</subfield>
  </datafield>
  <datafield tag="100" ind1="1" ind2=" ">
    <subfield code="a">Garc&#xED;a Cartagena, Manuel</subfield>
  </datafield>
  <datafield tag="245" ind1="1" ind2="0">
    <subfield code="a">Lengua y literatura 1 : </subfield>
    <subfield code="b">educaci&#xF3;n media /</subfield>
    <subfield code="c">Manuel Garc&#xED;a Cartagena, Manuel ; direcci&#xF3;n editorial Obdulia Garc&#xED;a de Escobar ; ilustraci&#xF3;n Ruddy N&#xFA;&#xF1;ez.</subfield>
  </datafield>
  <datafield tag="260" ind1=" " ind2=" ">
    <subfield code="a">Santo Domingo :</subfield>
    <subfield code="b">Santillana,</subfield>
    <subfield code="c">2001.</subfield>
  </datafield>
  <datafield tag="300" ind1=" " ind2=" ">
    <subfield code="a">279 p. : </subfield>
    <subfield code="b">il., mapas., retrs. ;</subfield>
    <subfield code="c">28 cm.</subfield>
  </datafield>
  <datafield tag="490" ind1="1" ind2=" ">
    <subfield code="a">Umbral</subfield>
  </datafield>
  <datafield tag="500" ind1=" " ind2=" ">
    <subfield code="a">Primero de bachillerato. 1er. curso/ Primer ciclo</subfield>
  </datafield>
  <datafield tag="500" ind1=" " ind2=" ">
    <subfield code="a">La biblioteca posee el libro para el profesor  </subfield>
  </datafield>
  <datafield tag="505" ind1="1" ind2=" ">
    <subfield code="t">Procedimientos y pr&#xE1;cticas de producci&#xF3;n textual --</subfield>
    <subfield code="t"> An&#xE1;lisis y estudio de la comunicaci&#xF3;n -- </subfield>
    <subfield code="t">Estudio de la lengua --</subfield>
    <subfield code="t"> Literatura dominicana (siglo XVI-XIX) conectada con literatura espa&#xF1;ola (siglos XIII-XIX).</subfield>
  </datafield>
  <datafield tag="505" ind1="1" ind2=" ">
    <subfield code="t">La mec&#xE1;nica narrativa --</subfield>
    <subfield code="t">La mec&#xE1;nica expositiva --</subfield>
    <subfield code="t">Cuenta con tus amigos y amigas --</subfield>
    <subfield code="t">Nuestro universo americano --</subfield>
    <subfield code="t">Nuestro tesoro: la salud --</subfield>
    <subfield code="t">Proyecto 1.
Tras los pasos de Don Quijote --</subfield>
    <subfield code="t">Mec&#xE1;nica argumentativa -- </subfield>
    <subfield code="t">La mec&#xE1;nica prescriptiva --</subfield>
    <subfield code="t">El valor de la vida --</subfield>
    <subfield code="t">La alegr&#xED;a  del trabajo --</subfield>
    <subfield code="t">Vivamos a ciencia cierta --</subfield>
    <subfield code="t">La mec&#xE1;nica persuasiva --</subfield>
    <subfield code="t">La mec&#xE1;nica descriptiva --</subfield>
    <subfield code="t">El arte de ser dominicanos --</subfield>
    <subfield code="t">Creando, creemos; creyendo, creamos... --</subfield>
    <subfield code="t">Juntos vivamos mejor --</subfield>
    <subfield code="t">Proyecto 2.
Una lengua viva: el espa&#xF1;ol en Rep&#xFA;blica Dominicana --</subfield>
    <subfield code="t">La mec&#xE1;nica del p&#xE1;rrafo --</subfield>
    <subfield code="t">La mec&#xE1;nica del comentario --</subfield>
    <subfield code="t">Construyamos nuestro futuro trabajando --</subfield>
    <subfield code="t">La Salud no es cosa de juego --</subfield>
    <subfield code="t">El mundo cabe en tu coraz&#xF3;n --</subfield>
  </datafield>
  <datafield tag="650" ind1=" " ind2="4">
    <subfield code="a">ESPA&#xD1;OL</subfield>
    <subfield code="x">ENSE&#xD1;ANZA SECUNDARIA</subfield>
  </datafield>
  <datafield tag="650" ind1=" " ind2="4">
    <subfield code="a">ESPA&#xD1;OL</subfield>
    <subfield code="x">EDUCACI&#xD3;N SECUNDARIA</subfield>
  </datafield>
  <datafield tag="650" ind1=" " ind2="4">
    <subfield code="a">EDUCACI&#xD3;N SECUNDARIA</subfield>
    <subfield code="z">REP&#xDA;BLICA DOMINICANA</subfield>
  </datafield>
  <datafield tag="650" ind1=" " ind2="4">
    <subfield code="a">ESPA&#xD1;OL </subfield>
    <subfield code="x">ESTUDIOS Y EJERCICIOS</subfield>
  </datafield>
  <datafield tag="650" ind1=" " ind2="4">
    <subfield code="a">ESPA&#xD1;OL</subfield>
    <subfield code="x">LIBROS DE TEXTOS</subfield>
  </datafield>
  <datafield tag="650" ind1=" " ind2="4">
    <subfield code="a">LITERATURA</subfield>
    <subfield code="x">ENSE&#xD1;ANZA SECUNDARIA</subfield>
  </datafield>
  <datafield tag="650" ind1=" " ind2="4">
    <subfield code="a">LITERATURA</subfield>
    <subfield code="x">LIBROS DE TEXTOS</subfield>
  </datafield>
  <datafield tag="650" ind1=" " ind2="4">
    <subfield code="a">LITERATURA</subfield>
    <subfield code="x">ESTUDIOS Y EJERCICIOS</subfield>
  </datafield>
  <datafield tag="700" ind1="1" ind2="2">
    <subfield code="a">Garc&#xED;a de Escobar, Obdulia, </subfield>
    <subfield code="e">ed.</subfield>
  </datafield>
  <datafield tag="700" ind1="1" ind2="2">
    <subfield code="a">N&#xFA;&#xF1;ez, Ruddy,</subfield>
    <subfield code="e">il.</subfield>
  </datafield>
  <datafield tag="830" ind1=" " ind2="0">
    <subfield code="a">Umbral</subfield>
  </datafield>
  <datafield tag="910" ind1=" " ind2=" ">
    <subfield code="a">Validado. Control de calidad MFF</subfield>
  </datafield>
  <datafield tag="942" ind1=" " ind2=" ">
    <subfield code="2">ddc</subfield>
    <subfield code="c">BK</subfield>
  </datafield>
  <datafield tag="945" ind1=" " ind2=" ">
    <subfield code="a">Inventariado, 2018 /LP</subfield>
  </datafield>
  <datafield tag="952" ind1=" " ind2=" ">
    <subfield code="0">0</subfield>
    <subfield code="1">0</subfield>
    <subfield code="2">ddc</subfield>
    <subfield code="4">0</subfield>
    <subfield code="7">0</subfield>
    <subfield code="8">CE</subfield>
    <subfield code="a">BPMET</subfield>
    <subfield code="b">BPMET</subfield>
    <subfield code="d">2015-07-30</subfield>
    <subfield code="e">Donaci&#xF3;n</subfield>
    <subfield code="l">0</subfield>
    <subfield code="o">373.6561 G216L   1ro.    2001  v. 1</subfield>
    <subfield code="p">BPMSU15070442</subfield>
    <subfield code="r">2015-07-30</subfield>
    <subfield code="w">2015-07-30</subfield>
    <subfield code="y">BK</subfield>
  </datafield>
  <datafield tag="952" ind1=" " ind2=" ">
    <subfield code="0">0</subfield>
    <subfield code="1">0</subfield>
    <subfield code="2">ddc</subfield>
    <subfield code="4">0</subfield>
    <subfield code="7">0</subfield>
    <subfield code="8">CE</subfield>
    <subfield code="a">BPMET</subfield>
    <subfield code="b">BPMET</subfield>
    <subfield code="d">2015-07-30</subfield>
    <subfield code="e">Donaci&#xF3;n</subfield>
    <subfield code="l">0</subfield>
    <subfield code="o">373.6561 G216L   1ro.    2001  v.2</subfield>
    <subfield code="p">BPMSU15070443</subfield>
    <subfield code="r">2015-07-30</subfield>
    <subfield code="t">e. 2</subfield>
    <subfield code="w">2015-07-30</subfield>
    <subfield code="y">BK</subfield>
  </datafield>
  <datafield tag="956" ind1=" " ind2=" ">
    <subfield code="a">JPARRA</subfield>
    <subfield code="b">10</subfield>
    <subfield code="c">20091123</subfield>
    <subfield code="l">BND01</subfield>
    <subfield code="h">1157</subfield>
  </datafield>
  <datafield tag="956" ind1=" " ind2=" ">
    <subfield code="a">BTAVAREZ</subfield>
    <subfield code="b">10</subfield>
    <subfield code="c">20100817</subfield>
    <subfield code="l">BND01</subfield>
    <subfield code="h">1112</subfield>
  </datafield>
  <datafield tag="956" ind1=" " ind2=" ">
    <subfield code="a">VMATEO</subfield>
    <subfield code="b">10</subfield>
    <subfield code="c">20150730</subfield>
    <subfield code="l">BPMSU</subfield>
    <subfield code="h">00151</subfield>
  </datafield>
  <datafield tag="956" ind1=" " ind2=" ">
    <subfield code="a">LOPEREZ</subfield>
    <subfield code="b">10</subfield>
    <subfield code="c">20160425</subfield>
    <subfield code="l">BPMSU</subfield>
    <subfield code="h">00041</subfield>
  </datafield>
  <datafield tag="999" ind1=" " ind2=" ">
    <subfield code="c">8030</subfield>
    <subfield code="d">8030</subfield>
  </datafield>
</record>
